UN Climate Change Conference (Record no. 121157)

MARC details
000 -LEADER
fixed length control field 00636nam a22001937a 4500
001 - CONTROL NUMBER
control field K121157
008 - FIXED-LENGTH DATA ELEMENTS--GENERAL INFORMATION
fixed length control field 190716b2019 ||||| |||| 00| 0 eng d
041 ## - LANGUAGE CODE
Language code of text/sound track or separate title eng
110 ## - MAIN ENTRY--CORPORATE NAME
9 (RLIN) 6281
Corporate author UN Climate Change Conference
245 ## - TITLE STATEMENT
Title UN Climate Change Conference
Subtitle December 2019
260 ## - PUBLICATION INFORMATION
Date 2019
520 ## - ABSTRACT
Abstract Summary of provisional agenda of UN Climate Change Conference which is taking place in Madrid on 2 - 13 December 2019.
650 ## - KEYWORDS
Keywords Climate change
650 ## - KEYWORDS
Keywords United Nations
650 ## - KEYWORDS
Keywords UN Conference
651 ## - SUBJECT ADDED ENTRY--GEOGRAPHIC NAME
Geographic name International
690 ## - LOCAL SUBJECT ADDED ENTRY--TOPICAL TERM (OCLC, RLIN)
9 (RLIN) 6238
Topical term or geographic name as entry element Environment
856 ## - ONLINE RESOURCE
Uniform Resource Identifier https://unfccc.int/cop25
Public note View at: unfccc.int
Holdings
Withdrawn status Lost status Damaged status Not for loan Home library Current library Shelving location Date acquired Total Checkouts Date last seen Price effective from Koha item type
        Virtual Virtual Online 06/11/2019   06/11/2019 06/11/2019 Online material